Statistics for Former Countries of the Mongol Empire

Click here to take the quiz!

General Stats

  • This quiz has been taken 26 times
  • The average score is 17 of 19

Answer Stats

Country% Correct
China
100%
Russia
100%
Armenia
96%
Belarus
96%
Kazakhstan
96%
Ukraine
96%
Uzbekistan
96%
Azerbaijan
92%
Georgia
92%
Kyrgyzstan
92%
Pakistan
92%
Mongolia
88%
Romania
88%
Tajikistan
88%
Turkey
88%
Turkmenistan
88%
Iran
83%
Iraq
83%
Myanmar
58%

Score Distribution

Percentile by Number Answered

Percent of People with Each Score

Your Score History

You have not taken this quiz